[Event "Basses Vallees Angevines op 4th"]
[Site "Cantenay Epinard"]
[Date "2015.12.19"]
[Round "5"]
[White "Leguillon, Jean Paul"]
[Black "Patarin, Arnaud"]
[Result "0-1"]
[WhiteElo "1446"]
[BlackElo "1823"]
[PlyCount "62"]
[EventDate "2015.12.19"]
[EventType "swiss"]
[EventRounds "5"]
[EventCountry "FRA"]
[SourceTitle "EXT 2019"]
[Source "ChessBase"]
[SourceDate "2018.10.10"]
[SourceVersion "1"]
[SourceVersionDate "2018.10.10"]
[SourceQuality "1"]

1. Nf3 c5 2. e4 d6 3. d4 cxd4 4. Nxd4 Nf6 5. Nc3 Nc6 6. Bg5 Qb6 7. Nb3 e6 8. Qd2 h6 9. Bh4 a6 10. 0-0-0 Ne5 11. h3 Ng6 12. Bg3 e5 13. Bc4 Be6 14. Nd5 Nxd5 15. Bxd5 Be7 16. Kb1 0-0 17. Rhf1 a5 18. f4 a4 19. Nc1 exf4 20. Bxf4 Nxf4 21. Rxf4 Bg5 22. Qf2 Qc7 23. Rf3 Qe7 24. Qd4 Bf6 25. Qb6 Bxd5 26. Rxd5 Qxe4 27. Rxd6 Ra6 28. Qc7 Qe5 29. Nd3 Qxd6 30. Qc4 Re8 31. Qb5 Re1+ 0-1